Ochrana lidských práv před negativními následky činnosti nadnárodních korporací a firem: dilemata mezinárodního společenství

Prehľad o snahách medzinárodného spoločensta obmedziť negartívny vplyv činnosti korporácií a firiem na ľudské práva.

Salvato in:
Dettagli Bibliografici
Autore principale: Machoňová Schellongová, Ivana
Natura: Capitolo di libro
Lingua:ceco
Soggetti:
Tags: Aggiungi Tag
Nessun Tag, puoi essere il primo ad aggiungerne!!

MARC

LEADER 00000naa a2200000 4500
001 0213037
005 20231116110904.0
041 0 |a cze 
044 |a CZ 
245 1 0 |a Ochrana lidských práv před negativními následky činnosti nadnárodních korporací a firem: dilemata mezinárodního společenství  |c Ivana Machoňová Schellongová 
520 |a Prehľad o snahách medzinárodného spoločensta obmedziť negartívny vplyv činnosti korporácií a firiem na ľudské práva. 
610 2 0 |a ochrana ľudských práv 
610 2 0 |a spoločnosti nadnárodné 
610 2 0 |a firmy 
610 2 0 |a podnikanie 
100 1 |a Machoňová Schellongová, Ivana